Govt. of
Madhya Pradesh

Normal view MARC view

Entry Personal Name

Number of records used in: 1

001 - CONTROL NUMBER

  • control field: 78690

003 - CONTROL NUMBER IDENTIFIER

  • control field: OSt

005 - DATE AND TIME OF LATEST TRANSACTION

  • control field: 20200318130709.0

008 - FIXED-LENGTH DATA ELEMENTS

  • fixed length control field: 200318|| aca||aabn | a|a d

040 ## - CATALOGING SOURCE

  • Original cataloging agency: OSt
  • Transcribing agency: OSt

100 ## - HEADING--PERSONAL NAME

  • Personal name: चौहान, ज्‍योत्‍सना

670 ## - SOURCE DATA FOUND

  • Source citation: Work cat.: (OSt): चौहान, ज्‍योत्‍सना , मध्‍य प्रदेश प्राथमिक शिक्षक पात्रता परीक्षा (ऑनलाइन) 2020 बाल विकास एंव शिक्षाशास्‍त्र सम्‍पूर्ण स्‍टडी गाइड (वर्ग-3), 2020